1518 1496 1711 1145 1295 1851 1387 1438 1099 1368 1194 1028 1833 1840 1760 1488 1062 1479 1983 1733 1043 1495 1752 1432 1259 1661 1056 1381 1715 1298 1624 1753 1771 1460 1855 1032 1776 1329 1461 1379 1560 1173 1730 1505 1776 1921 1591 1086 1905 1115 1739 1658 1675 1043 1748 1858 1463 1924 1586 1639 1232 1761 1232 1185 1393 1896 1448 1647 1540 1260 1112 1595 1148 1769 1948 1095 1968 1003 1703 1336 1489 1227 1786 1061 1564 1614 1439 1252 1728 1321 1429 1856 1272 1596 1047 1069 1165 1474 1170 BCNSPRNW ULIB Ver.6.0+V

เปลี่ยนเป็นภาษาไทย

Change to English
 แสดงรายละเอียดบรรณานุกรม
  กลับหน้าหลัก

Brief Record : Get Marc (ISO 2709) : E-mail record : QR code < ปิดหน้าต่าง
LEADER : 00000nam 2200000uu 4500
001    13399108305
003     ULIB
008    110228s2544||||th 000 0 tha d
020    9740301142
060 04 WY85^bส687จ 2544
100 0  สิวลี ศิริไล
245 10 จริยศาสตร์สำหรับพยาบาล /^cสิวลี ศิริไล
250    พิมพ์ครั้งที่ 8
260    [กรุงเทพฯ] :^bโรงพิมพ์แห่งจุฬาลงกรณ์มหาวิทยาลัย,^c2544
300    [12], 279 หน้า ;^c22 ซม.
591    LIRA มีปี 2539, 2542 (พิมพ์ครั้งที่ 7), 2544(พิมพ์ครั้งที่8)
650  2 Ethics, Nursing
650  7 จรรยาพยาบาล
650  7 จริยศาสตร์
945    ^p120^l0^i014129
945    ^p120^l0^i014130
945    ^p120^l0^i014131
945    ^p120^l0^i014132
945    ^p120^l0^i014133
945    ^p120^l0^i014134
995    ทศพร
999 ^a ใช้งานได้ทุกระบบ
รายการนี้ยังไม่มีแท็ก
คุณยังไม่ได้ล็อกอิน คุณสามารถมีกิจกรรมร่วมกับเว็บไซต์ได้ แต่ต้องล็อกอินก่อน ::
  ล็อกอิน

รายการสื่อสารสนเทศ

ลำดับที่ ประเภท เลขเรียก/บาร์โค้ด สถานที่ สถานะ
- ไม่พบข้อมูล -

รายการใกล้เคียง
    ผู้แต่ง [สิวลี ศิริไล]

    หัวเรื่อง [Ethics, Nursing]
    หัวเรื่อง [จรรยาพยาบาล]
    หัวเรื่อง [จริยศาสตร์]

BibComment


ยังไม่เคยถูกคอมเมนท์

คอมเมนท์ทรัพยากรรายการนี้
  คอมเมนท์: จริยศาสตร์สำหรับพ..


 Copyright 2026. Bcnsprnw @Library